[Event "4NCL-9899B BCCA-KH"]
[Site "Rd7-Birmingham"]
[Date "1999.03.20"]
[Round "7.1"]
[White "Carleton, John"]
[Black "Thomas, Richard H"]
[Result "1-0"]
[WhiteElo "2280"]
[BlackElo "2295"]
[PlyCount "89"]
[EventDate "1999.03.20"]

1. e4 Nc6 2. Nc3 g6 3. f4 Bg7 4. Nf3 e5 5. fxe5 Nxe5 6. Be2 d6 7. d4 Nxf3+ 8.
Bxf3 Ne7 9. O-O O-O 10. Be3 h6 11. g4 c6 12. Rf2 d5 13. e5 g5 14. Qd2 Ng6 15.
Raf1 f5 16. gxf5 Rxf5 17. Bxd5+ cxd5 18. Rxf5 Bxf5 19. Rxf5 Qd7 20. Rf1 Nh4 21.
Qf2 b5 22. Qg3 Rf8 23. Rxf8+ Kxf8 24. h3 b4 25. Nd1 Qa4 26. Qf2+ Ke8 27. Qe2 a6
28. Bf2 Nf5 29. Qd3 Ne7 30. Qh7 Kf8 31. Ne3 b3 32. Nf5 Nxf5 33. Qxf5+ Ke7 34.
axb3 Qa1+ 35. Kg2 Qxb2 36. Qg6 Bxe5 37. Qh7+ Ke8 38. Qg6+ Ke7 39. dxe5 Qxe5 40.
Qh7+ Ke8 41. Qd3 Kf7 42. b4 Qe6 43. Qf3+ Kg6 44. Qe3 Qc6 45. Qb6 1-0

[Event "4NCL-9899B BCCA-KH"]
[Site "Rd7-Birmingham"]
[Date "1999.03.20"]
[Round "7.2"]
[White "McMichael, Rick"]
[Black "Tait, Jonathan"]
[Result "1-0"]
[WhiteElo "2255"]
[BlackElo "2185"]
[PlyCount "103"]
[EventDate "1999.03.20"]

1. b3 e5 2. Bb2 Nc6 3. e3 d5 4. Bb5 Bd6 5. f4 Qh4+ 6. g3 Qe7 7. Nf3 Bg4 8. fxe5
Bxe5 9. Bxe5 Bxf3 10. Bxc6+ bxc6 11. Qxf3 Qxe5 12. O-O Nf6 13. Nc3 O-O 14. Qf4
Qd6 15. Qh4 Nd7 16. Rf2 Rab8 17. Raf1 Ne5 18. Rf5 Rb4 19. Qh3 Qd7 20. a3 Rbb8
21. Qh4 f6 22. Qd4 Qd6 23. Qxa7 Ra8 24. Qd4 Qxa3 25. Na4 Rfb8 26. Qf4 Qd6 27.
d4 Nd7 28. e4 g6 29. e5 Qe6 30. Rxf6 Nxf6 31. exf6 Rf8 32. Nc5 Qd6 33. Qxd6
cxd6 34. Ne6 Rf7 35. Ng5 Re8 36. Rf3 h6 37. Nxf7 Kxf7 38. Kf2 c5 39. dxc5 dxc5
40. Rc3 Rc8 41. b4 c4 42. Ke3 Rb8 43. Kd4 Rxb4 44. Kxd5 Kxf6 45. Rxc4 Rb2 46.
h4 g5 47. h5 g4 48. Ke4 Rb5 49. Rc6+ Kg5 50. c4 Rf5 51. Rg6+ Kxh5 52. Rxh6+ 1-0

[Event "4NCL-9899B BCCA-KH"]
[Site "Rd7-Birmingham"]
[Date "1999.03.20"]
[Round "7.3"]
[White "Toothill, John"]
[Black "Pearce, Robin"]
[Result "1/2-1/2"]
[WhiteElo "2225"]
[BlackElo "2170"]
[PlyCount "47"]
[EventDate "1999.03.20"]

1. e4 c5 2. Nf3 e6 3. d4 cxd4 4. Nxd4 a6 5. Be2 Qc7 6. O-O Nc6 7. Be3 Nf6 8.
Nc3 Be7 9. f4 d6 10. a4 O-O 11. Kh1 Bd7 12. Bf3 Rac8 13. Qe2 Na5 14. Rae1 Qc4
15. Qxc4 Rxc4 16. e5 Ne8 17. Nde2 d5 18. Bd2 Bd8 19. b3 Rc8 20. f5 Nc6 21. fxe6
fxe6 22. Nf4 g6 23. Nfxd5 Nd4 24. Ne3 1/2-1/2

[Event "4NCL-9899B BCCA-KH"]
[Site "Rd7-Birmingham"]
[Date "1999.03.20"]
[Round "7.4"]
[White "Okike, David"]
[Black "Hall, RVM."]
[Result "1-0"]
[WhiteElo "2145"]
[BlackElo "2120"]
[PlyCount "77"]
[EventDate "1999.03.20"]

1. e4 e6 2. d4 d5 3. Nc3 Bb4 4. e5 Ne7 5. a3 Bxc3+ 6. bxc3 c5 7. Qg4 Qc7 8.
Qxg7 Rg8 9. Qxh7 cxd4 10. Ne2 Nbc6 11. f4 Bd7 12. Rb1 dxc3 13. h4 d4 14. Qd3
Nf5 15. h5 O-O-O 16. Rh3 Rg4 17. Ng3 Rdg8 18. Nxf5 exf5 19. g3 f6 20. exf6 Qd6
21. Kf2 Qxf6 22. Bg2 a6 23. a4 Qe6 24. Bf3 R4g7 25. Rb3 Re8 26. Rh1 Na5 27. Rb4
Bc6 28. Rxd4 Bxf3 29. Qxf3 Nc6 30. Rd5 Rge7 31. h6 Rh7 32. Rd3 Rxh6 33. Re3
Reh8 34. Rxe6 Rxh1 35. Re8+ Rxe8 36. Qxh1 Nd4 37. Qd1 Re4 38. Qd3 Kd7 39. Be3
1-0

[Event "4NCL-9899B BCCA-KH"]
[Site "Rd7-Birmingham"]
[Date "1999.03.20"]
[Round "7.5"]
[White "Donnelly, MJ."]
[Black "Kwiatkowski, Felix"]
[Result "0-1"]
[WhiteElo "2064"]
[BlackElo "2220"]
[PlyCount "80"]
[EventDate "1999.03.20"]

1. e4 e6 2. Qe2 c5 3. Nf3 Nc6 4. g3 Be7 5. Bg2 d5 6. d3 Nf6 7. O-O b6 8. e5 Nd7
9. c4 d4 10. Nbd2 Bb7 11. a3 Qc7 12. Re1 g5 13. Ne4 g4 14. Nh4 Ncxe5 15. Bf4
O-O-O 16. Nxc5 bxc5 17. Bxe5 Nxe5 18. Qxe5 Bxg2 19. Nxg2 Qxe5 20. Rxe5 Rd7 21.
Re2 Rb7 22. Ne1 Kd7 23. Rc1 Rhb8 24. Rcc2 Rb3 25. f3 h5 26. fxg4 hxg4 27. Rf2
f5 28. h3 gxh3 29. Kh2 Bd8 30. Kxh3 Ba5 31. Nf3 Kd6 32. Rce2 Rxd3 33. Ng5 Re3
34. b4 cxb4 35. axb4 Bxb4 36. Ra2 a5 37. Rf4 Kc5 38. Nf3 Rd8 39. Kg2 Kxc4 40.
Kf2 Re4 0-1

[Event "4NCL-9899B BCCA-KH"]
[Site "Rd7-Birmingham"]
[Date "1999.03.20"]
[Round "7.6"]
[White "Mackenzie, Colin"]
[Black "Hardman, Michael"]
[Result "1/2-1/2"]
[WhiteElo "2125"]
[BlackElo "1928"]
[PlyCount "41"]
[EventDate "1999.03.20"]

1. Nf3 d5 2. c4 e6 3. g3 Nf6 4. Bg2 Be7 5. O-O O-O 6. b3 c5 7. cxd5 exd5 8. d3
Nc6 9. Bb2 Bg4 10. h3 Bf5 11. Nbd2 Rc8 12. Rc1 b6 13. Nh4 Be6 14. e4 Nb4 15.
Qe2 dxe4 16. dxe4 Nd3 17. Rb1 Nxb2 18. Rxb2 Nd7 19. Nhf3 Nb8 20. Rd1 Qc7 21.
Nc4 1/2-1/2

[Event "4NCL-9899B BCCA-KH"]
[Site "Rd7-Birmingham"]
[Date "1999.03.20"]
[Round "7.7"]
[White "Phillips, David A"]
[Black "Chalk, Selena"]
[Result "1-0"]
[WhiteElo "2000"]
[BlackElo "1512"]
[PlyCount "84"]
[EventDate "1999.03.20"]

1. e4 e5 2. Nf3 d6 3. d4 exd4 4. Qxd4 Nf6 5. Bg5 Be7 6. Nc3 c6 7. Be2 Nbd7 8.
O-O Nc5 9. Be3 O-O 10. Rad1 Qc7 11. Bf4 Ne6 12. Bxd6 Nxd4 13. Bxc7 Nxe2+ 14.
Nxe2 Nxe4 15. Rfe1 Bc5 16. Ned4 Nf6 17. h3 Nd5 18. Bg3 Bd7 19. Ne5 Bc8 20. Nb3
Bb6 21. c4 Nf6 22. c5 Bd8 23. Nc4 Be6 24. Nca5 Bxb3 25. Nxb3 Nd5 26. Bd6 Bf6
27. Bxf8 Kxf8 28. Re2 Be7 29. g3 Rc8 30. Rc2 Nb4 31. Rc4 Na6 32. Rd7 b5 33.
cxb6 axb6 34. Ra7 b5 35. Re4 Nc7 36. Nd4 Bc5 37. Rb7 Nd5 38. Nb3 Bd6 39. Re2
Nb4 40. a3 Nd5 41. Rc2 Be5 42. Rxb5 Ne7 1-0

[Event "4NCL-9899B BCCA-KH"]
[Site "Rd7-Birmingham"]
[Date "1999.03.20"]
[Round "7.8"]
[White "Suzuki, Layla"]
[Black "Walker, Heather"]
[Result "0-1"]
[WhiteElo "1088"]
[BlackElo "1288"]
[PlyCount "58"]
[EventDate "1999.03.20"]

1. d4 Nf6 2. Nf3 d6 3. c4 c5 4. dxc5 Qa5+ 5. Bd2 Qxc5 6. e3 Nbd7 7. Bc3 b6 8.
Nbd2 Bb7 9. Be2 g6 10. O-O Bg7 11. Qc2 O-O 12. h3 Qc6 13. b4 a6 14. Rfe1 b5 15.
cxb5 axb5 16. Rac1 Rfc8 17. Qb3 Qa6 18. Rc2 Bd5 19. Qb2 Nb6 20. Ra1 Na4 21. Qc1
Nxc3 22. Rxc3 Rxc3 23. Qxc3 Ne4 24. Qc1 Bxa1 25. Qxa1 Nxd2 26. Nxd2 Qxa2 27.
Qd4 Qa1+ 28. Kh2 Qxd4 29. exd4 Ra2 0-1

[Event "4NCL-9899B BIG2-BR2"]
[Site "Rd7-Birmingham"]
[Date "1999.03.20"]
[Round "7.1"]
[White "Collinson, Adam"]
[Black "McFarland, Robert"]
[Result "1/2-1/2"]
[WhiteElo "2405"]
[BlackElo "2257"]
[PlyCount "36"]
[EventDate "1999.03.20"]

1. e4 g6 2. d4 Bg7 3. c3 d6 4. Nf3 Nf6 5. Bd3 O-O 6. O-O Nc6 7. Na3 e5 8. Nc2
h6 9. h3 Kh7 10. Re1 Re8 11. Bd2 Bd7 12. b4 a6 13. a4 Na7 14. dxe5 dxe5 15. Qe2
Nc8 16. b5 axb5 17. axb5 Rxa1 18. Rxa1 Nd6 1/2-1/2

[Event "4NCL-9899B BIG2-BR2"]
[Site "Rd7-Birmingham"]
[Date "1999.03.20"]
[Round "7.2"]
[White "Jakubovics, Nick"]
[Black "Baker, Chris W"]
[Result "1-0"]
[WhiteElo "2210"]
[BlackElo "2390"]
[PlyCount "75"]
[EventDate "1999.03.20"]

1. e4 c5 2. Nf3 e6 3. d3 d5 4. Nbd2 Nc6 5. g3 g6 6. Bg2 Bg7 7. O-O Nge7 8. Re1
O-O 9. e5 Qc7 10. Qe2 b6 11. c3 Ba6 12. Nf1 d4 13. c4 b5 14. b3 bxc4 15. bxc4
Rab8 16. Bg5 Kh8 17. g4 Qa5 18. Bf6 Qa3 19. Qd2 Bxf6 20. exf6 Ng8 21. Ng5 Nb4
22. Qf4 Rbc8 23. Nxh7 Nxd3 24. Qg3 Nxf6 25. Nxf6 Bxc4 26. g5 Kg7 27. Be4 Qa6
28. Bxd3 Bxd3 29. Qe5 Rg8 30. Nd7+ Kh7 31. Nxc5 Qc4 32. Nxd3 Qxd3 33. Re4 Rg7
34. Rxd4 Qf3 35. Rh4+ Kg8 36. Rc1 Rd8 37. Rc3 Qf5 38. Rch3 1-0

[Event "4NCL-9899B BIG2-BR2"]
[Site "Rd7-Birmingham"]
[Date "1999.03.20"]
[Round "7.3"]
[White "Barnes, Michael"]
[Black "Easton, Alex"]
[Result "1/2-1/2"]
[WhiteElo "2245"]
[BlackElo "2160"]
[PlyCount "94"]
[EventDate "1999.03.20"]

1. d4 Nf6 2. Nf3 g6 3. c4 Bg7 4. Nc3 d5 5. Bg5 Ne4 6. cxd5 Nxg5 7. Nxg5 e6 8.
Qd2 h6 9. Nf3 exd5 10. Qe3+ Be6 11. g3 O-O 12. Bg2 Qd6 13. O-O c6 14. a3 a5 15.
Na4 Nd7 16. Rac1 b6 17. Rfd1 Rfe8 18. Qf4 Qxf4 19. gxf4 Rec8 20. Ne5 Nxe5 21.
fxe5 Rab8 22. f4 Bf8 23. Kf1 Be7 24. Rd3 Bf5 25. Rb3 Bd8 26. Bh3 Bxh3+ 27. Rxh3
Kh7 28. Rhc3 b5 29. Nc5 b4 30. axb4 Rxb4 31. Nd3 Rxd4 32. Rxc6 Rxc6 33. Rxc6 a4
34. Kf2 Ba5 35. Kf3 Bd2 36. h3 Kg7 37. Rc7 Kf8 38. Rc2 Bb4 39. Rc8+ Ke7 40.
Rc7+ Ke8 41. Ra7 Bd2 42. Ra8+ Ke7 43. Rh8 h5 44. Ra8 Re4 45. Ra7+ Ke8 46. Ra8+
Ke7 47. Ra7+ Ke8 1/2-1/2

[Event "4NCL-9899B BIG2-BR2"]
[Site "Rd7-Birmingham"]
[Date "1999.03.20"]
[Round "7.4"]
[White "Buckley, Simon"]
[Black "Thomas, Nick"]
[Result "1-0"]
[WhiteElo "2144"]
[BlackElo "2225"]
[PlyCount "59"]
[EventDate "1999.03.20"]

1. e4 e6 2. d4 d5 3. Nd2 Nc6 4. Ngf3 Nf6 5. e5 Nd7 6. Bb5 a6 7. Bxc6 bxc6 8.
Nb3 c5 9. Bg5 Be7 10. Na5 Nb8 11. Bxe7 Qxe7 12. c3 O-O 13. Rc1 c4 14. b4 Ra7
15. O-O Bd7 16. a4 Nc6 17. Nxc6 Bxc6 18. a5 Be8 19. Qd2 f6 20. exf6 gxf6 21.
Rfe1 Ra8 22. Qe3 Bf7 {(Draw offer)} 23. Nh4 Kh8 24. Qh6 Rg8 25. f4 Rae8 26. Re3
Qd8 27. Rce1 f5 28. Nf3 Rg7 29. Ne5 Bg8 30. Rg3 1-0

[Event "4NCL-9899B BIG2-BR2"]
[Site "Rd7-Birmingham"]
[Date "1999.03.20"]
[Round "7.5"]
[White "Dighton, Simon"]
[Black "Dilleigh, Stephen"]
[Result "1-0"]
[WhiteElo "2235"]
[BlackElo "2215"]
[PlyCount "85"]
[EventDate "1999.03.20"]

1. e4 c5 2. c3 Nf6 3. e5 Nd5 4. d4 cxd4 5. Nf3 Nc6 6. Bc4 Nb6 7. Bb3 d5 8. exd6
Qxd6 9. Na3 Be6 10. O-O dxc3 11. Nb5 Qxd1 12. Rxd1 Rc8 13. Bxe6 fxe6 14. bxc3
Nc4 15. Rb1 e5 16. Ng5 b6 17. Ne6 Kf7 18. Ng5+ Ke8 19. Ne6 h6 20. f4 Kf7 21.
Nbc7 e4 22. Re1 Nd6 23. f5 g6 24. fxg6+ Kxg6 25. Bf4 Bg7 26. Nd5 Bf6 27. Bxd6
exd6 28. Rxe4 Be5 29. Rf1 h5 30. g4 h4 31. Nef4+ Kh6 32. Ne6 Rce8 33. g5+ Kg6
34. Nef4+ Kg7 35. Nc7 Rc8 36. Nce6+ Kg8 37. Nd5 Re8 38. Nf6+ Bxf6 39. gxf6 Kf7
40. Ng5+ Kf8 41. Rxe8+ Kxe8 42. f7+ Ke7 43. Nh7 1-0

[Event "4NCL-9899B BIG2-BR2"]
[Site "Rd7-Birmingham"]
[Date "1999.03.20"]
[Round "7.6"]
[White "Hanley, Craig"]
[Black "Evans, Raymond"]
[Result "1-0"]
[WhiteElo "2110"]
[BlackElo "2159"]
[PlyCount "119"]
[EventDate "1999.03.20"]

1. c4 Nf6 2. Nc3 e5 3. g3 d5 4. cxd5 Nxd5 5. Bg2 Nb6 6. Nf3 Nc6 7. O-O Be7 8.
d3 O-O 9. a3 Be6 10. b4 a5 11. b5 Nd4 12. Nxd4 exd4 13. Na4 Nd5 14. Bb2 c5 15.
bxc6 b5 16. Bxd4 bxa4 17. Qxa4 Nb6 18. Bxb6 Qxb6 19. Rfb1 Qc5 20. d4 Qc4 21.
Qxc4 Bxc4 22. Rc1 Ba6 23. e4 Rfd8 24. d5 Bd6 25. f4 f6 26. Rc3 Bc7 27. Re1 Re8
28. Bh3 Bc8 29. Bxc8 Raxc8 30. Kg2 Rcd8 31. Rd3 Bd6 32. h4 Rb8 {(Draw offer)}
33. e5 fxe5 34. fxe5 Rxe5 35. Rxe5 Bxe5 36. d6 Kf7 37. c7 Ra8 38. Rc3 Bxd6 39.
c8=Q Rxc8 40. Rxc8 Bxa3 41. Rc7+ Kf6 42. Kf3 Bb4 43. Ke4 Be1 44. Rc6+ Kf7 45.
Kf4 Bd2+ 46. Kf5 Be1 47. Rc7+ Kg8 48. Kf4 h6 49. Re7 Bb4 50. Rd7 Kh7 51. Kf5
Be1 52. Rd3 Bb4 53. g4 Be1 54. Rh3 Bf2 55. g5 g6+ 56. Kf6 Bd4+ 57. Kf7 h5 58.
Rd3 Be5 59. Re3 Bd4 60. Re6 1-0

[Event "4NCL-9899B BIG2-BR2"]
[Site "Rd7-Birmingham"]
[Date "1999.03.20"]
[Round "7.7"]
[White "Bourne, James"]
[Black "Buckley, David"]
[Result "1/2-1/2"]
[WhiteElo "2085"]
[BlackElo "2143"]
[PlyCount "64"]
[EventDate "1999.03.20"]

1. d4 Nf6 2. Nf3 d5 3. c4 c6 4. Nc3 e6 5. Bg5 dxc4 6. e4 b5 7. e5 h6 8. Bh4 g5
9. Nxg5 hxg5 10. Bxg5 Nbd7 11. exf6 Bb7 12. g3 c5 13. d5 Qb6 14. Bg2 O-O-O 15.
O-O b4 16. Na4 Qb5 17. dxe6 Bxg2 18. Kxg2 Qc6+ 19. f3 Qxe6 20. Qc2 Qh3+ 21. Kg1
Bh6 22. Bxh6 Rxh6 23. Rad1 Rdh8 24. Rd2 Qe6 25. Qe4 Qxe4 26. fxe4 Kc7 27. h4
Rg8 28. Kh2 Nxf6 29. Nxc5 Kc6 30. Rf5 Rhg6 31. Na6 Nxe4 32. Nxb4+ Kb6 1/2-1/2

[Event "4NCL-9899B BIG2-BR2"]
[Site "Rd7-Birmingham"]
[Date "1999.03.20"]
[Round "7.8"]
[White "Tidman, Sophie"]
[Black "Cast, Abigail"]
[Result "0-1"]
[WhiteElo "1752"]
[BlackElo "2130"]
[PlyCount "80"]
[EventDate "1999.03.20"]

1. e4 e6 2. d4 d5 3. e5 c5 4. c3 Nc6 5. Nf3 Qb6 6. Be2 Bd7 7. O-O Rc8 8. dxc5
Bxc5 9. b4 Bf8 10. Bf4 Nge7 11. Re1 Nf5 12. g4 Nfe7 13. Nbd2 h5 14. gxh5 Nf5
15. Bd3 Nce7 16. c4 Qxb4 17. Rb1 Qa5 18. Rxb7 Bc6 19. Rb2 Qc7 20. cxd5 Nxd5 21.
Bg5 Ba3 22. Rb1 Nc3 23. Qb3 Nxb1 24. Bxb1 Bc5 25. Bxf5 exf5 26. Qc2 Bd7 27. Qd3
Bb4 28. e6 Bxe6 29. Qb5+ Qd7 30. Qxb4 Rxh5 31. Ne5 Rxg5+ 32. Kf1 Qd5 33. Qa4+
Kf8 34. Ndf3 Rh5 35. Qxa7 f4 36. Qa6 Bh3+ 37. Kg1 Rg5+ 38. Kh1 Bg2+ 39. Kg1
Bxf3+ 40. Kf1 Bg2+ 0-1

[Event "4NCL-9899B GD-IK2"]
[Site "Rd7-Birmingham"]
[Date "1999.03.20"]
[Round "7.1"]
[White "Jones, Iolo"]
[Black "Bibby, Simon"]
[Result "1-0"]
[WhiteElo "2276"]
[BlackElo "2210"]
[PlyCount "99"]
[EventDate "1999.03.20"]

1. d4 d5 2. Nf3 Nf6 3. Bg5 Ne4 4. Bf4 c5 5. e3 Qb6 6. Qc1 g5 7. Be5 f6 8. Bxb8
Rxb8 9. c3 Bg7 10. Nbd2 O-O 11. Nxe4 dxe4 12. dxc5 Qxc5 13. Nd4 f5 14. Qc2 Kh8
15. O-O-O e5 16. Nb3 Qc7 17. Qd2 Be6 18. Qd6 Qf7 19. Qb4 b6 20. Be2 a5 21. Qb5
a4 22. Qxa4 Ra8 23. Qb5 f4 24. Rhe1 Rxa2 25. Kc2 g4 26. g3 Raa8 27. gxf4 exf4
28. Nd4 Bd7 29. Qc4 Qg6 30. Qd5 Ba4+ 31. b3 Rad8 32. Qe6 Rf6 33. Qxg4 Be8 34.
Qh4 Rc8 35. Rg1 Qf7 36. Qg4 Bd7 37. Qg5 Rc5 38. Qh4 Qf8 39. Kb2 b5 40. b4 Rd5
41. Nc2 Qd6 42. Rxd5 Qxd5 43. Qg5 Qf7 44. Bxb5 Bxb5 45. Qxb5 h6 46. Rg4 fxe3
47. fxe3 Qe6 48. Rf4 Rxf4 49. exf4 e3 50. Qe2 1-0

[Event "4NCL-9899B GD-IK2"]
[Site "Rd7-Birmingham"]
[Date "1999.03.20"]
[Round "7.3"]
[White "Heymann, Ulrike"]
[Black "Reuben, Stewart"]
[Result "1-0"]
[WhiteElo "2156"]
[BlackElo "2225"]
[PlyCount "63"]
[EventDate "1999.03.20"]

1. e4 c5 2. Nf3 Nc6 3. d4 cxd4 4. Nxd4 g6 5. Nc3 Bg7 6. Be3 Nf6 7. Bc4 O-O 8.
Bb3 a6 9. f3 b5 10. Qd2 Bb7 11. O-O-O Rc8 12. h4 Na5 13. Kb1 Qc7 14. h5 Nc4 15.
Bxc4 Qxc4 16. Bh6 Rc5 17. g4 Rfc8 18. Nce2 Nxe4 19. fxe4 Bxe4 20. Bxg7 Kxg7 21.
hxg6 Bxg6 22. Rh3 Bxc2+ 23. Nxc2 Qxc2+ 24. Qxc2 Rxc2 25. Nd4 Rg2 26. Nf5+ Kf6
27. Ne3 Re2 28. Rxd7 Ke6 29. Rd1 Ke5 30. a3 Ke4 31. Nd5 Rg2 32. Re3# 1-0

[Event "4NCL-9899B GD-IK2"]
[Site "Rd7-Birmingham"]
[Date "1999.03.20"]
[Round "7.4"]
[White "Gurr, Lyndon"]
[Black "Miles, Richard"]
[Result "1/2-1/2"]
[WhiteElo "2120"]
[BlackElo "2084"]
[PlyCount "52"]
[EventDate "1999.03.20"]

1. d4 Nf6 2. Nf3 g6 3. c4 Bg7 4. Nc3 O-O 5. e4 d6 6. Be2 Na6 7. O-O c6 8. Re1
e5 9. a3 exd4 10. Nxd4 Re8 11. Bf3 Nc5 12. Bf4 Qb6 13. Bxd6 Qxb2 14. Bxc5 Qxc3
15. Bb4 Qxc4 16. Be2 Qxd4 17. Qxd4 Nxe4 18. Qc4 a5 19. Rac1 axb4 20. axb4 Nd6
21. Qc5 Nf5 22. Bg4 Be6 23. Bxf5 Bxf5 24. Qb6 Bb2 25. Qxb7 Bxc1 26. Rxc1 Rab8
1/2-1/2

[Event "4NCL-9899B GD-IK2"]
[Site "Rd7-Birmingham"]
[Date "1999.03.20"]
[Round "7.5"]
[White "Borg, Andy"]
[Black "Shephard, Martin"]
[Result "0-1"]
[WhiteElo "2151"]
[BlackElo "2136"]
[PlyCount "78"]
[EventDate "1999.03.20"]

1. d4 Nf6 2. c4 g6 3. Nc3 d5 4. cxd5 Nxd5 5. Bd2 Bg7 6. e4 Nxc3 7. Bxc3 O-O 8.
Nf3 Bg4 9. Be2 c5 10. d5 Bxc3+ 11. bxc3 Qc7 12. Qd2 Nd7 13. h3 Bxf3 14. Bxf3 f5
15. O-O Ne5 16. Qe2 f4 17. c4 h5 18. Kh1 Rf6 19. Rab1 Kg7 20. Qb2 b6 21. Qc3 g5
22. g4 hxg4 23. hxg4 Ng6 24. Rfe1 Rh8+ 25. Kg1 Qe5 26. Rb3 Qxc3 27. Rxc3 Ne5
28. Bg2 f3 29. Bh1 Rfh6 30. Bxf3 Nxf3+ 31. Rxf3 Rh1+ 32. Kg2 Rxe1 33. Ra3 Rxe4
34. Rxa7 Rxg4+ 35. Kf3 Rf4+ 36. Ke3 Rh3+ 37. Ke2 Kf6 38. Rb7 Rxc4 39. Rxb6+ Kf7
0-1

[Event "4NCL-9899B GD-IK2"]
[Site "Rd7-Birmingham"]
[Date "1999.03.20"]
[Round "7.6"]
[White "Garner, David"]
[Black "Fletcher, John"]
[Result "1-0"]
[WhiteElo "2092"]
[BlackElo "2100"]
[PlyCount "99"]
[EventDate "1999.03.20"]

1. e4 c5 2. c3 Nf6 3. e5 Nd5 4. Nf3 Nc6 5. Bc4 Nb6 6. Be2 d6 7. exd6 e5 8. d4
cxd4 9. cxd4 exd4 10. Nxd4 Nxd4 11. Qxd4 Qxd6 12. Be3 Qxd4 13. Bxd4 Bb4+ 14.
Nc3 O-O 15. O-O Be6 16. Nb5 Rfd8 17. Rfd1 Nd5 18. Nxa7 Nf4 19. Bf3 Bd5 20. Bxd5
Rxd5 21. Be3 Nd3 22. a3 Be7 23. Rac1 Rad8 24. Rc8 Bf6 25. b3 Kf8 26. Kf1 Ke7
27. Rxd8 Rxd8 28. Ke2 Ne5 29. Bc5+ Ke6 30. Rxd8 Bxd8 31. Nb5 Kd5 32. Bd4 g6 33.
Bb2 f5 34. Nc3+ Kd4 35. Na2+ Kd5 36. Nb4+ Ke6 37. Nd3 Nxd3 38. Kxd3 Kd5 39. Bd4
Be7 40. a4 Bb4 41. Bc3 Bd6 42. h3 g5 43. g4 fxg4 44. hxg4 Be7 45. b4 Bd8 46.
Bd4 Be7 47. b5 Bd8 48. Be3 Ke5 49. Bd2 Kd5 50. a5 1-0

[Event "4NCL-9899B GD-IK2"]
[Site "Rd7-Birmingham"]
[Date "1999.03.20"]
[Round "7.7"]
[White "Walden-Jones, Andrew"]
[Black "Noakes, Matthew"]
[Result "1-0"]
[WhiteElo "2090"]
[BlackElo "2016"]
[PlyCount "77"]
[EventDate "1999.03.20"]

1. e4 e5 2. Nf3 Nc6 3. Bb5 a6 4. Ba4 Nf6 5. Qe2 Bc5 6. Bxc6 dxc6 7. Nxe5 Qd4 8.
Nd3 Ba7 9. Nc3 O-O 10. f3 b5 11. Nf2 Re8 12. Ncd1 Nd5 13. d3 b4 14. O-O a5 15.
Qd2 Ne7 16. c3 Qb6 17. Qc2 c5 18. cxb4 cxb4 19. Be3 Qd6 20. Rc1 Bb8 21. d4 Ba6
22. Re1 c5 23. e5 Qe6 24. Ne4 cxd4 25. Bxd4 Bxe5 26. Bxe5 Qxe5 27. Qf2 Ng6 28.
Ne3 Rac8 29. Ng4 Qf4 30. Rcd1 Red8 31. Rxd8+ Rxd8 32. Qb6 Ra8 33. Qc6 Qb8 34.
Nef6+ gxf6 35. Nxf6+ Kg7 36. Nh5+ Kh6 37. Qc1+ Kxh5 38. g4+ Kh4 39. Qh6# 1-0

[Event "4NCL-9899B GD-IK2"]
[Site "Rd7-Birmingham"]
[Date "1999.03.20"]
[Round "7.8"]
[White "Richards, Susan"]
[Black "White, Ian"]
[Result "0-1"]
[WhiteElo "1184"]
[BlackElo "1970"]
[PlyCount "74"]
[EventDate "1999.03.20"]

1. e4 e6 2. Nf3 d5 3. exd5 exd5 4. d4 Bd6 5. Be2 Ne7 6. O-O O-O 7. Bg5 h6 8.
Bh4 c6 9. Nbd2 Qc7 10. Bxe7 Qxe7 11. Re1 Qc7 12. c4 Be6 13. cxd5 Bxd5 14. Bc4
Bxc4 15. Nxc4 Be7 16. d5 cxd5 17. Qxd5 Nc6 18. Qe4 Bf6 19. Qc2 Na5 20. Rac1
Qxc4 21. Qxc4 Nxc4 22. Rxc4 Bxb2 23. Rb1 Rfc8 24. Re4 Rc2 25. Ree1 Bf6 26. g3
Rxa2 27. Rxb7 a5 28. Reb1 Re2 29. Kf1 Ree8 30. Nd2 a4 31. Re1 Rxe1+ 32. Kxe1 a3
33. Nb3 a2 34. Ke2 Ra3 35. Rb8+ Kh7 36. Kd3 Rxb3+ 37. Rxb3 a1=Q 0-1

[Event "4NCL-9899B SL2-COU"]
[Site "Rd7-Birmingham"]
[Date "1999.03.20"]
[Round "7.1"]
[White "Houska, Jovanka"]
[Black "Pigott, John"]
[Result "0-1"]
[WhiteElo "2286"]
[BlackElo "2372"]
[PlyCount "76"]
[EventDate "1999.03.20"]

1. e4 c5 2. Nc3 Nc6 3. g3 g6 4. Bg2 Bg7 5. d3 d6 6. Be3 e6 7. Qd2 Qa5 8. Nge2
Nd4 9. O-O Ne7 10. Nc1 Bd7 11. f4 O-O 12. Qf2 Rac8 13. Nd1 Ba4 14. Bd2 Qb6 15.
c3 Bxd1 16. Rxd1 Nc2 17. Rb1 Na3 18. Ra1 Nc2 19. Rb1 Na3 20. Ra1 Qxb2 21. Ne2
Qb5 22. Qf3 d5 23. f5 dxe4 24. Qxe4 Nxf5 25. Qxb7 Qxb7 26. Bxb7 Rb8 27. Bf3
Rfd8 28. Be4 Nd6 29. Bg5 f6 30. Bf4 e5 31. Bd5+ Nf7 32. Bxf7+ Kxf7 33. Bd2 Rxd3
34. Be1 Rbd8 35. Rdc1 Bh6 36. Rcb1 Nxb1 37. Rxb1 Rd1 38. Rb7+ R8d7 0-1

[Event "4NCL-9899B SL2-COU"]
[Site "Rd7-Birmingham"]
[Date "1999.03.20"]
[Round "7.2"]
[White "Wall, Tim"]
[Black "Tucker, Alex"]
[Result "1/2-1/2"]
[WhiteElo "2367"]
[BlackElo "2215"]
[PlyCount "91"]
[EventDate "1999.03.20"]

1. b3 Nf6 2. Bb2 g6 3. Bxf6 exf6 4. c4 Bg7 5. Nc3 f5 6. Rc1 O-O 7. g3 d6 8. Bg2
Nd7 9. Nf3 Nf6 10. d3 d5 11. cxd5 Nxd5 12. Nxd5 Qxd5 13. O-O c6 14. Qc2 Be6 15.
Ng5 Qe5 16. Nxe6 Qxe6 17. e3 Rfd8 18. Rfd1 Qd6 19. d4 Bf8 20. Bf3 Rab8 21. Qe2
Qf6 22. Qd2 Bd6 23. b4 Qe7 24. Rb1 h5 25. Rb3 h4 26. b5 cxb5 27. Rxb5 b6 28.
Qb2 Rbc8 29. Qb3 Rc7 30. a4 Rdc8 31. Qd3 Rc3 32. Qe2 Rc2 33. Qe1 Kg7 34. Rbb1
hxg3 35. hxg3 Ba3 36. Rd2 R2c3 37. Qe2 Qd6 38. Qb5 Rc1+ 39. Rxc1 Rxc1+ 40. Kg2
Rc7 41. Ra2 Bb4 42. Rb2 Ba5 43. Qe8 Qe6 44. Qb5 Qd6 45. Re2 Rc8 46. Rb2 1/2-1/2

[Event "4NCL-9899B SL2-COU"]
[Site "Rd7-Birmingham"]
[Date "1999.03.20"]
[Round "7.3"]
[White "Smith, Andrew P"]
[Black "Dunworth, Chris"]
[Result "0-1"]
[WhiteElo "2274"]
[BlackElo "2305"]
[PlyCount "56"]
[EventDate "1999.03.20"]

1. e4 g6 2. d4 Bg7 3. Nc3 c6 4. Be3 d6 5. Qd2 Nd7 6. g4 b5 7. h4 h6 8. f3 Bb7
9. Nge2 e5 10. Ng3 exd4 11. Bxd4 Ne5 12. Be2 b4 13. f4 c5 14. fxe5 cxd4 15.
Bb5+ Kf8 16. Nce2 Bxe5 17. O-O-O Rc8 18. Qd3 Qc7 19. Rhf1 Nf6 20. Nxd4 Bxd4 21.
e5 Bxe5 22. g5 hxg5 23. hxg5 Rh3 24. gxf6 Rxg3 25. Qd2 Rh3 26. Kb1 Be4 27. Rc1
Qc5 28. Qe2 Qd4 0-1

[Event "4NCL-9899B SL2-COU"]
[Site "Rd7-Birmingham"]
[Date "1999.03.20"]
[Round "7.4"]
[White "Harley, Andrew"]
[Black "Richmond, Robert"]
[Result "1/2-1/2"]
[WhiteElo "2305"]
[BlackElo "2112"]
[PlyCount "56"]
[EventDate "1999.03.20"]

1. e4 e5 2. Nf3 d6 3. d4 Nf6 4. Nc3 Nbd7 5. Bc4 Be7 6. O-O O-O 7. Qe2 exd4 8.
Nxd4 Ne5 9. Bg5 c5 10. Nb3 Nxc4 11. Qxc4 Be6 12. Qe2 Nxe4 13. Bxe7 Nxc3 14.
Qxe6 fxe6 15. Bxd8 Ne2+ 16. Kh1 Raxd8 17. Rae1 Nf4 18. g3 Ng6 19. Rxe6 Kf7 20.
Re2 Rfe8 21. Rfe1 b6 22. f4 Rxe2 23. Rxe2 Ne7 24. Kg2 Nc6 25. Kf2 d5 26. c3 Rd6
27. Nd2 Re6 28. Nf3 Rxe2+ 1/2-1/2

[Event "4NCL-9899B SL2-COU"]
[Site "Rd7-Birmingham"]
[Date "1999.03.20"]
[Round "7.5"]
[White "De Coverly, Roger"]
[Black "Swanson, Stephen"]
[Result "0-1"]
[WhiteElo "2110"]
[BlackElo "2260"]
[PlyCount "44"]
[EventDate "1999.03.20"]

1. d4 d6 2. e4 g6 3. Be3 Bg7 4. Qd2 c6 5. Nc3 b5 6. O-O-O Nd7 7. Kb1 Nb6 8. d5
b4 9. Bxb6 axb6 10. Nce2 c5 11. Nc1 Bd7 12. f4 f5 13. exf5 gxf5 14. g4 b5 15.
gxf5 Qa5 16. Bh3 c4 17. f6 Bxf6 18. Bxd7+ Kxd7 19. a3 Bc3 20. bxc3 bxc3 21. Nb3
cxb3 22. Qd4 b2 0-1